000 00423nam a2200169 i 4500
001 bg
100 1 _aCHUDZIKIEWICZ, Andrzej
_d(1949- ).
245 0 _aStatyka budowli.
_nCz. 1 /
_cAndrzej Chudzikiewicz.
250 _aWyd.3.
260 _aWarszawa,
_c1976.
650 9 _aBudownictwo
_xmechanika
040 _cBPK
041 _apol
080 _a624.04(075.8)
942 _cKS
008 s pl f |000 0 pol
999 _c47142
_d47142
856 _uhttp://koha.tu.koszalin.pl/cgi-bin/koha/opac-detail.pl?biblionumber=47142
_yKatalog online BPK